000 00643nam a2200229Ia 4500
003 OSt
005 20220918202545.0
006 a|||||r|||| 00| 0
007 ta
008 220917b |||||||| |||| 00| 0 eng d
024 _a102,124
037 _cTextual
040 _aARTS
_cARTS
_beng
041 _2eng
_aeng
082 _aV236:1:N5, K5
100 _aRai Satya M
_9104324
245 0 _aPartition of the Punjab
_b a study of its effects on the politics and administration of the Punjab (I) 1947-56
260 _c1965
650 _aHISTORY
942 _hV236:1:N5, K5
_cTEXL
_2CC
999 _c225584
_d225584